Cargando…

À la rencontre de la relation d'aide difficile. Approches inspirantes pour les professionnels de la santé et des services sociaux /

À la rencontre de la relation d'aide difficile s'adresse à tous les professionnels de la sante, que leur pratique se trouve dans le domaine biomedical ou le domaine psychosocial. La relation d'aide difficile peut se produire entre une travailleuse sociale et un usager, mais aussi en...

Descripción completa

Detalles Bibliográficos
Clasificación:Libro Electrónico
Otros Autores: Giroux, Michel T., 1954- (Editor )
Formato: Electrónico eBook
Idioma:Francés
Publicado: Baltimore, Maryland : Project Muse, 2020
Colección:Laboratoire de sagesse.
Book collections on Project MUSE.
Temas:
Acceso en línea:Texto completo

MARC

LEADER 00000cam a22000004a 4500
001 musev2_76382
003 MdBmJHUP
005 20230905051903.0
006 m o d
007 cr||||||||nn|n
008 200625s2020 quc o 00 0 fre d
020 |a 9782763748108 
020 |z 9782763748092 
035 |a (OCoLC)1175941357 
040 |a MdBmJHUP  |c MdBmJHUP 
050 4 |a R724  |b .A74 2020 
100 1 |a Giroux, Michel T.,  |d 1954-  |e editor. 
245 0 0 |a À la rencontre de la relation d'aide difficile. Approches inspirantes pour les professionnels de la santé et des services sociaux /   |c sous la direction de Michel T. Giroux. 
264 1 |a Baltimore, Maryland :  |b Project Muse,  |c 2020 
264 3 |a Baltimore, Md. :  |b Project MUSE,   |c 2020 
264 4 |c ©2020 
300 |a 1 online resource (150 pages):   |b illustrations. 
336 |a text  |b txt  |2 rdacontent 
337 |a computer  |b c  |2 rdamedia 
338 |a online resource  |b cr  |2 rdacarrier 
490 0 |a Laboratoire de sagesse 
500 |a Issued as part of book collections on Project MUSE. 
504 |a Includes bibliographical references. 
505 0 |a Introduction / Michel T. Giroux -- La realisation de la relation d'aide et ses difficultes inherentes / Andre Renaud -- Pour ne pas perdre le nord / Michelle Boivin -- Inspiration de l'ethique pour orienter le professionnel engage dans une relation d'aide difficile / Michel T. Giroux -- À la rencontre d'une relation difficile avec des proches en regard de l'utilisation d'une contention : considerer avant tout le bien total de la personne / Claude Maheux, Anne-Marie Savard et Sylvain Auclair -- La prise en charge des toxicomanes... Une choregraphie qui s'apprend / Marie-Ève Bouthillier, Suzanne Brissette et Delphine Roigt -- Conclusion / Michel T. Giroux. 
506 |a Access restricted to authorized users and institutions. 
520 |a À la rencontre de la relation d'aide difficile s'adresse à tous les professionnels de la sante, que leur pratique se trouve dans le domaine biomedical ou le domaine psychosocial. La relation d'aide difficile peut se produire entre une travailleuse sociale et un usager, mais aussi entre un ergotherapeute et son client ou une chirurgienne et son patient. Le lecteur decouvrira à la fois un expose theorique fondamental en psychologie et des instruments pratiques destines au professionnel destabilise qui souhaite voir clair en lui-même. Des notions capitales en ethique clinique presentent au professionnel des instruments intellectuels qui lui permettent de donner un sens à sa conduite. Les etudes de cas sur des relations d'aide difficiles montrent comment la dimension clinique, l'ethique et le droit peuvent être utilises dans la reflexion du professionnel. En elaborant cet ouvrage, ses auteurs se sont entendus pour offrir un contenu actuel, reflechi et inspirant. Les futurs professionnels de la sante y trouveront aussi une perspective originale, celle d'un reel destabilisant. 
588 |a Description based on print version record. 
650 0 |a Medical personnel and patient  |v Case studies. 
650 0 |a Medical personnel and patient  |x Moral and ethical aspects. 
650 0 |a Human services personnel  |x Professional ethics. 
650 0 |a Medical personnel  |x Professional ethics. 
655 7 |a Electronic books.   |2 local 
710 2 |a Project Muse,  |e distributor. 
776 1 8 |i Print version:  |z 9782763748092 
710 2 |a Project Muse.  |e distributor 
830 0 |a Laboratoire de sagesse. 
830 0 |a Book collections on Project MUSE. 
856 4 0 |z Texto completo  |u https://projectmuse.uam.elogim.com/book/76382/ 
945 |a Project MUSE - Custom Collection 
945 |a Project MUSE - 2020 Complete 
945 |a Project MUSE - 2020 Public Health and Health Policy